export_success — 

Big fleet actions : Tsushima, Jutland, Philippine Sea /

Saved in:
Bibliographic Details
Main Author: Grove, Eric.
Format: Book
Language:English
Published: London : New York : Arms and Armour ; Distributed in the USA by Sterling Pub. Co., 1995.
Subjects:
Tags: Add Tag
No Tags, Be the first to tag this record!
LEADER 01166nam a2200337 a 4500
001 005403847-2
005 20020606163548.3
008 950530r19951991enkab b 001 0 eng d
010 |a  95171091  
015 |a GB95-30975 
020 |a 1854092812 (pbk.) 
035 0 |a ocm32700117 
040 |a Uk  |c Uk  |d DLC 
042 |a lccopycat 
050 0 0 |a V53  |b .G76 1995 
082 0 0 |a 359.4/09/04  |2 20 
100 1 |a Grove, Eric. 
240 1 0 |a Fleet to fleet encounters 
245 1 0 |a Big fleet actions :  |b Tsushima, Jutland, Philippine Sea /  |c Eric Grove. 
260 |a London :  |b Arms and Armour ;  |a New York :  |b Distributed in the USA by Sterling Pub. Co.,  |c 1995. 
300 |a 160 p. :  |b ill., maps ;  |c 24 cm. 
500 |a Originally published: Fleet to fleet encounters. London : Arms and Armour, 1991. 
504 |a Includes bibliographical references (p. 150-152) and index. 
650 0 |a Naval art and science  |x History  |y 20th century. 
650 0 |a Naval battles  |x History  |y 20th century. 
650 0 |a Naval history, Modern  |y 20th century. 
653 0 |a Naval operations  |a History 
653 0 |a North Sea 
653 0 |a Pacific Ocean 
988 |a 20020608 
906 |0 OCLC